000 00350nam a2200109Ia 4500
008 160909s9999 xx 000 0 und d
100 _aBreit, Marcus
245 _aBeach transportation
260 _bCalifornia State University, Long Beach.
_c2016
650 _aMARKETING MANAGEMENT
856 _uhttp://pqdtopen.proquest.com/doc/1797618375.html?FMT=ABS
999 _c304876
_d304876